[Event "Open SSC Rostock 07 - 2009"]
[Site "Rostock"]
[Date "2009.08.27"]
[Round "1.2"]
[White "Erich, Juergen"]
[Black "Szelag, Marcin"]
[Result "0-1"]
[WhiteElo "1873"]
[BlackElo "2466"]
[PlyCount "62"]
[EventDate "2009.08.27"]
[EventType "swiss"]
[EventRounds "7"]
[EventCountry "GER"]
[Source "Th. Schwetlick"]
[SourceDate "2009.08.27"]
[WhiteTeam "TSV Travemuende von 1860"]
[BlackTeam "SSC Rostock 07"]

1. d4 Nf6 2. Nf3 g6 3. g3 Bg7 4. Bg2 O-O 5. O-O d6 6. Nc3 Nbd7 7. e4 e5 8. dxe5
dxe5 9. Bg5 h6 10. Bxf6 Qxf6 11. Nd5 Qd8 12. Qd2 Nc5 13. Qe3 Ne6 14. Qa3 Re8
15. Rad1 c6 16. Nf4 Qb6 17. Nxe6 Bxe6 18. Rd2 Bf8 19. Qe3 Qxb2 20. c3 Qb6 21.
Qe2 Qa5 22. Rb1 b6 23. Qe3 Rad8 24. Bf1 Kg7 25. Rbd1 Bc5 26. Qe1 Rxd2 27. Qxd2
Re7 28. Qb2 Qa4 29. Re1 f6 30. c4 Bxc4 31. Bxc4 Qxc4 0-1

[Event "Open SSC Rostock 07 - 2009"]
[Site "Rostock"]
[Date "2009.08.27"]
[Round "1.3"]
[White "Tomczak, Rafal"]
[Black "Schreiber, Nico"]
[Result "1-0"]
[WhiteElo "2345"]
[BlackElo "1844"]
[PlyCount "63"]
[EventDate "2009.08.27"]
[EventType "swiss"]
[EventRounds "7"]
[EventCountry "GER"]
[Source "Th. Schwetlick"]
[SourceDate "2009.08.27"]
[WhiteTeam "SSC Rostock 07"]
[BlackTeam "SC Mecklenburger Springer"]

1. e4 c5 2. Nf3 e6 3. d4 cxd4 4. Nxd4 a6 5. Bd3 Bc5 6. Nb3 Ba7 7. c4 Nc6 8. Nc3
Nge7 9. Qe2 Ng6 10. Be3 Bxe3 11. Qxe3 O-O 12. O-O Qc7 13. f4 Nb4 14. g3 b6 15.
Rad1 Bb7 16. Be2 Rad8 17. a3 Nc6 18. Na4 Na5 19. Nxa5 bxa5 20. Qc5 Rc8 21. Qxc7
Rxc7 22. e5 Rb8 23. Rd2 Kf8 24. Rfd1 Ke7 25. h4 h6 26. Nb6 Nf8 27. Rd6 Bc8 28.
b4 axb4 29. axb4 Rc6 30. c5 Rxd6 31. exd6+ Kd8 32. Nxc8 1-0

[Event "Open SSC Rostock 07 - 2009"]
[Site "Rostock"]
[Date "2009.08.27"]
[Round "1.4"]
[White "Worm, Alfred"]
[Black "Steinhagen, Bernd"]
[Result "0-1"]
[WhiteElo "1841"]
[BlackElo "2318"]
[PlyCount "50"]
[EventDate "2009.08.27"]
[EventType "swiss"]
[EventRounds "7"]
[EventCountry "GER"]
[Source "Th. Schwetlick"]
[SourceDate "2009.08.27"]
[WhiteTeam "SSC Rostock 07"]
[BlackTeam "SC Rotation Pankow"]

1. e4 c5 2. Nc3 Nc6 3. g3 g6 4. Bg2 Bg7 5. d3 Rb8 6. Be3 b5 7. Qc1 d6 8. Nf3
Nd4 9. Bxd4 cxd4 10. Ne2 e5 11. O-O Ne7 12. c3 dxc3 13. Nxc3 O-O 14. Qe3 Qa5
15. Nd2 Be6 16. a3 Rfc8 17. Rfc1 f5 18. b4 Qa6 19. a4 f4 20. Qe2 bxa4 21. Rxa4
Qxa4 22. Nxa4 Rxc1+ 23. Nf1 Nc6 24. Qb2 Nd4 25. Nc3 Rxc3 0-1

[Event "Open SSC Rostock 07 - 2009"]
[Site "Rostock"]
[Date "2009.08.27"]
[Round "1.5"]
[White "Schulz, Michael"]
[Black "Raessler, Arndt"]
[Result "1-0"]
[WhiteElo "2268"]
[BlackElo "1839"]
[PlyCount "42"]
[EventDate "2009.08.27"]
[EventType "swiss"]
[EventRounds "7"]
[EventCountry "GER"]
[Source "Th. Schwetlick"]
[SourceDate "2009.08.27"]
[WhiteTeam "SC Zitadelle Spandau 1977"]
[BlackTeam "ASV Gruen-Weiss Wismar"]

1. d4 Nf6 2. Bg5 d5 3. Nd2 Nbd7 4. Ngf3 e6 5. e3 Be7 6. Bd3 h6 7. Bh4 c5 8. c3
b6 9. Ne5 Nxe5 10. dxe5 Nd7 11. Bxe7 Qxe7 12. f4 Qh4+ 13. g3 Qh3 14. Qf3 Bb7
15. c4 O-O 16. e4 dxe4 17. Bxe4 Bxe4 18. Nxe4 Qf5 19. O-O f6 20. Rad1 Nb8 21.
Nd6 Qc2 1-0

[Event "Open SSC Rostock 07 - 2009"]
[Site "Rostock"]
[Date "2009.08.27"]
[Round "1.7"]
[White "Porsch, Harald"]
[Black "Jaensch, Robert"]
[Result "1-0"]
[WhiteElo "2196"]
[BlackElo "1720"]
[PlyCount "43"]
[EventDate "2009.08.27"]
[EventType "swiss"]
[EventRounds "7"]
[EventCountry "GER"]
[Source "Th. Schwetlick"]
[SourceDate "2009.08.27"]
[WhiteTeam "SC Rotation Pankow"]
[BlackTeam "SSC Rostock 07"]

1. e4 c5 2. Nf3 d6 3. d4 cxd4 4. Nxd4 Nf6 5. Nc3 a6 6. Be2 g6 7. Be3 Bg7 8. O-O
Bd7 9. f3 Nc6 10. Qd2 Rc8 11. Nd1 b5 12. a4 bxa4 13. Rxa4 Nxd4 14. Rxd4 Rc6 15.
Ra4 Bc8 16. c4 Nd7 17. b3 O-O 18. Nc3 Nc5 19. Ra3 Qc7 20. Nd5 Qb7 21. b4 Ne6
22. b5 1-0

[Event "Open SSC Rostock 07 - 2009"]
[Site "Rostock"]
[Date "2009.08.27"]
[Round "1.8"]
[White "Nielsen, Jorgen Kamp"]
[Black "Peschel, Andreas"]
[Result "0-1"]
[WhiteElo "1711"]
[BlackElo "2191"]
[PlyCount "30"]
[EventDate "2009.08.27"]
[EventType "swiss"]
[EventRounds "7"]
[EventCountry "GER"]
[Source "Th. Schwetlick"]
[SourceDate "2009.08.27"]
[WhiteTeam "Skakklubben K41"]
[BlackTeam "SG Solingen"]

1. e4 e6 2. d4 d5 3. Nc3 Bb4 4. e5 c5 5. Bb5+ Bd7 6. Bxd7+ Qxd7 7. Nge2 Nc6 8.
Be3 Nge7 9. O-O Nf5 10. g4 cxd4 11. gxf5 dxe3 12. fxe6 exf2+ 13. Rxf2 fxe6 14.
Nf4 Bc5 15. Qh5+ g6 0-1

[Event "Open SSC Rostock 07 - 2009"]
[Site "Rostock"]
[Date "2009.08.27"]
[Round "1.9"]
[White "Kathstede, Gerd"]
[Black "Luther, Alexander"]
[Result "1/2-1/2"]
[WhiteElo "2147"]
[BlackElo "1689"]
[PlyCount "94"]
[EventDate "2009.08.27"]
[EventType "swiss"]
[EventRounds "7"]
[EventCountry "GER"]
[Source "Th. Schwetlick"]
[SourceDate "2009.08.27"]
[WhiteTeam "Hervest-Dorstener SK"]
[BlackTeam "SSC Rostock 07"]

1. e4 c5 2. Nc3 Nc6 3. f4 d6 4. Nf3 g6 5. Bb5 Bd7 6. O-O Bg7 7. d3 Nd4 8. Bxd7+
Qxd7 9. Ne2 Nxf3+ 10. Rxf3 Nf6 11. Bd2 O-O 12. Bc3 b5 13. b3 b4 14. Bb2 a5 15.
a4 Rac8 16. h3 Rfd8 17. g4 h5 18. g5 Ne8 19. Bxg7 Nxg7 20. Qf1 d5 21. f5 dxe4
22. dxe4 Qd2 23. Nf4 gxf5 24. Rf2 Qd4 25. exf5 Nxf5 26. Re1 e6 27. g6 Ne3 28.
gxf7+ Kxf7 29. Rxe3 Qxe3 30. Nd5+ Qxf2+ 31. Qxf2+ Ke8 32. Nf6+ Ke7 33. Nxh5
Rd1+ 34. Kg2 Rg8+ 35. Ng3 Rd5 36. Kh2 Rgd8 37. Ne2 Rf5 38. Qh4+ Kd7 39. Kg2
Rg8+ 40. Kh2 Rgf8 41. Qc4 Rf2+ 42. Kg3 R2f3+ 43. Kg4 R3f5 44. h4 Rg8+ 45. Kh3
Rf3+ 46. Kh2 Rf2+ 47. Kh1 Rf1+ 1/2-1/2

[Event "Open SSC Rostock 07 - 2009"]
[Site "Rostock"]
[Date "2009.08.27"]
[Round "1.10"]
[White "Schreiber, Kevin"]
[Black "Friedel, Marcus"]
[Result "0-1"]
[WhiteElo "1593"]
[BlackElo "2142"]
[PlyCount "98"]
[EventDate "2009.08.27"]
[EventType "swiss"]
[EventRounds "7"]
[EventCountry "GER"]
[Source "Th. Schwetlick"]
[SourceDate "2009.08.27"]
[WhiteTeam "SC Mecklenburger Springer"]
[BlackTeam "SK 1926 Ettlingen"]

1. d4 d5 2. Bf4 Nf6 3. e3 c5 4. c3 Nc6 5. Nd2 Bf5 6. Qb3 Qb6 7. dxc5 Qxb3 8.
Nxb3 e5 9. Bg3 a6 10. Nf3 Nd7 11. O-O-O Be6 12. Be2 f6 13. Nfd2 Nxc5 14. Nxc5
Bxc5 15. Nb3 Ba7 16. Bf3 O-O-O 17. Rd2 Ne7 18. Rhd1 h5 19. h3 g5 20. c4 dxc4
21. Rxd8+ Rxd8 22. Bxb7+ Kxb7 23. Rxd8 cxb3 24. axb3 Bc5 25. h4 Nf5 26. e4 Nxg3
27. fxg3 Bxb3 28. Rh8 Be3+ 29. Kb1 Bd1 30. Rf8 gxh4 31. gxh4 Bf2 32. Rf7+ Kc8
33. Rxf6 Bxh4 34. Rxa6 Bg3 35. Rd6 Be2 36. Rd2 Bb5 37. Kc2 Kb7 38. Rd6 Bf1 39.
Rd2 Kb6 40. b4 Kb5 41. Kb3 Bc4+ 42. Ka3 Be1 43. Rb2 Bc3 44. Rb1 Bd2 45. g3 Bc3
46. Rh1 Bxb4+ 47. Kb2 Be2 48. Kb3 Bf3 49. Rh2 Be1 0-1

[Event "Open SSC Rostock 07 - 2009"]
[Site "Rostock"]
[Date "2009.08.27"]
[Round "1.11"]
[White "Kliewe, Hans Juergen"]
[Black "Vladov, Mark"]
[Result "1-0"]
[WhiteElo "2120"]
[BlackElo "1651"]
[PlyCount "75"]
[EventDate "2009.08.27"]
[EventType "swiss"]
[EventRounds "7"]
[EventCountry "GER"]
[Source "Th. Schwetlick"]
[SourceDate "2009.08.27"]
[WhiteTeam "ASV Gruen-Weiss Wismar"]
[BlackTeam "SF Ostsee Warnemuende"]

1. d4 Nf6 2. Nf3 g6 3. Bf4 Bg7 4. e3 d6 5. c3 Nbd7 6. Qb3 b6 7. Nbd2 Bb7 8. Bc4
d5 9. Bd3 O-O 10. Ne5 c5 11. Be2 e6 12. O-O Ne4 13. Nxe4 dxe4 14. Nxd7 Qxd7 15.
dxc5 Bd5 16. c4 Bc6 17. Rad1 Qb7 18. Bd6 Rfe8 19. Rd2 Rad8 20. cxb6 axb6 21.
Qc2 Rd7 22. Rfd1 Red8 23. b4 b5 24. cxb5 Bd5 25. Bc5 Rc8 26. a4 h5 27. a5 Be5
28. b6 h4 29. h3 Qc6 30. a6 f5 31. b7 Rcd8 32. b5 Qc7 33. b6 Qc6 34. Bd4 Qd6
35. Bxe5 Qxe5 36. Bb5 Rd6 37. Qc7 Bxb7 38. Rxd6 1-0

[Event "Open SSC Rostock 07 - 2009"]
[Site "Rostock"]
[Date "2009.08.27"]
[Round "1.12"]
[White "Pererva, Viktor"]
[Black "Zentgraf, Robert"]
[Result "0-1"]
[WhiteElo "1637"]
[BlackElo "2119"]
[PlyCount "116"]
[EventDate "2009.08.27"]
[EventType "swiss"]
[EventRounds "7"]
[EventCountry "GER"]
[Source "Th. Schwetlick"]
[SourceDate "2009.08.27"]
[WhiteTeam "SSC Rostock 07"]
[BlackTeam "SAV Torgelow-Droegeheide"]

1. e4 c5 2. Nf3 d6 3. d4 cxd4 4. Nxd4 Nf6 5. Nc3 g6 6. Be3 Bg7 7. Be2 O-O 8.
O-O Nc6 9. f4 Qb6 10. Qd2 Nxe4 11. Nxc6 Nxd2 12. Nxe7+ Kh8 13. Bxb6 Nxf1 14.
Bf2 Be6 15. Rd1 Nxh2 16. Kxh2 Rae8 17. Bh4 Bxc3 18. bxc3 f6 19. Nxg6+ hxg6 20.
Rxd6 Kg7 21. a3 Rh8 22. Kg3 Kf7 23. Bd3 Ke7 24. Rd4 Rh6 25. f5 gxf5 26. Kf3 Rg8
27. Bf2 Rg4 28. c4 Rxd4 29. Bxd4 Rh4 30. Bxa7 Bxc4 31. Bxf5 Kd6 32. g3 Bd5+ 33.
Ke3 Ra4 34. Bd4 Rxa3+ 35. Kf4 Ra4 36. Ke3 Ke7 37. c3 Ra2 38. Kf4 Ra1 39. g4 Be6
40. Ke4 Re1+ 41. Kf4 Bd5 42. Kg3 Re2 43. Kf4 Rg2 44. Ke3 Rg3+ 45. Ke2 Rh3 46.
Kf2 Rh6 47. Kg3 Kf7 48. Kf4 Rh3 49. g5 Rh4+ 50. Kg3 fxg5 51. Be3 Kf6 52. Bb1
Be4 53. Ba2 Kf5 54. Bf7 Rh1 55. Be8 Bc6 56. Bf7 g4 57. Bc4 Rh3+ 58. Kf2 g3+ 0-1

[Event "Open SSC Rostock 07 - 2009"]
[Site "Rostock"]
[Date "2009.08.27"]
[Round "1.13"]
[White "Welz, Peter"]
[Black "Hilbert, Stephan Joerg"]
[Result "1-0"]
[WhiteElo "2101"]
[BlackElo "1591"]
[PlyCount "67"]
[EventDate "2009.08.27"]
[EventType "swiss"]
[EventRounds "7"]
[EventCountry "GER"]
[Source "Th. Schwetlick"]
[SourceDate "2009.08.27"]
[WhiteTeam "SV Empor Berlin"]
[BlackTeam "SV Wartburgstadt Eisenach"]

1. e4 c6 2. d4 d5 3. e5 Bf5 4. c4 e6 5. Nc3 Nd7 6. cxd5 exd5 7. Bd3 Be6 8. Nge2
Qb6 9. O-O Ne7 10. a3 g6 11. b4 Bg7 12. Rb1 f6 13. Na4 Qc7 14. Nf4 Nf8 15. Nc5
Qc8 16. exf6 Bxf6 17. Re1 Bg4 18. Nxb7 Bxd1 19. Nd6+ Kd7 20. Nxc8 Rxc8 21. Rxd1
Rb8 22. b5 Kd6 23. Be3 Nd7 24. Ne2 Rb6 25. a4 g5 26. Ng3 h5 27. f4 g4 28. f5
Kc7 29. Ne2 Nb8 30. a5 Rb7 31. a6 Rb6 32. Bd2 Rxb5 33. Bxb5 cxb5 34. Rxb5 1-0

[Event "Open SSC Rostock 07 - 2009"]
[Site "Rostock"]
[Date "2009.08.27"]
[Round "1.14"]
[White "Jaehn, Justin"]
[Black "Kugler, Florian"]
[Result "0-1"]
[WhiteElo "1587"]
[BlackElo "2042"]
[PlyCount "70"]
[EventDate "2009.08.27"]
[EventType "swiss"]
[EventRounds "7"]
[EventCountry "GER"]
[Source "Th. Schwetlick"]
[SourceDate "2009.08.27"]
[WhiteTeam "SF Schwerin"]
[BlackTeam "SC Neukloster"]

1. Nf3 Nf6 2. e3 g6 3. d4 Bg7 4. c4 O-O 5. Nc3 d5 6. c5 c6 7. Be2 Nbd7 8. O-O
Qc7 9. Nd2 e5 10. f4 exd4 11. exd4 Re8 12. b4 Nf8 13. Nf3 Bf5 14. Ne5 Ne4 15.
Nxe4 Bxe4 16. Bd3 f6 17. Ng4 Rad8 18. Nf2 f5 19. Nxe4 dxe4 20. Bc4+ Kh8 21. Be3
Qd7 22. Qb3 Bxd4 23. Bxd4+ Qxd4+ 24. Kh1 Kg7 25. Bf7 Re7 26. Rad1 Qxd1 27. Rxd1
Rxd1+ 28. Qxd1 Kxf7 29. g3 e3 30. Qe2 Re4 31. Kg1 Ne6 32. Kg2 Kf6 33. a3 Nd4
34. Qc4 e2 35. Qg8 e1=Q 0-1

[Event "Open SSC Rostock 07 - 2009"]
[Site "Rostock"]
[Date "2009.08.27"]
[Round "1.15"]
[White "Stiefel, Roland"]
[Black "Celmer, Ole"]
[Result "1/2-1/2"]
[WhiteElo "2073"]
[BlackElo "1543"]
[PlyCount "84"]
[EventDate "2009.08.27"]
[EventType "swiss"]
[EventRounds "7"]
[EventCountry "GER"]
[Source "Th. Schwetlick"]
[SourceDate "2009.08.27"]
[WhiteTeam "ZSG Gruen-Weiss Waltershausen"]
[BlackTeam "SSC Rostock 07"]

1. Nc3 e5 2. Nf3 Nc6 3. d4 exd4 4. Nxd4 Nf6 5. Bg5 Bc5 6. e3 O-O 7. Nd5 Be7 8.
Nxe7+ Qxe7 9. c3 d6 10. Nxc6 bxc6 11. Qf3 Bd7 12. Bxf6 Qxf6 13. Qxf6 gxf6 14.
O-O-O a5 15. Rd4 Rab8 16. Bd3 Rb6 17. Rh4 Rfb8 18. b3 c5 19. Bxh7+ Kg7 20. Bc2
a4 21. Rd1 axb3 22. axb3 Be6 23. c4 Rb4 24. e4 Ra8 25. f4 Rbb8 26. Rd3 Kf8 27.
Rg3 Ke7 28. Rh7 Ra1+ 29. Kd2 Ra2 30. Kc3 c6 31. Rgg7 Rf8 32. f5 Bd7 33. g4 Ra1
34. h4 Rh1 35. g5 fxg5 36. hxg5 Rxh7 37. Rxh7 Ke8 38. Bd1 Rg8 39. g6 fxg6 40.
fxg6 Kd8 41. Bh5 Be8 42. Ra7 Kc8 1/2-1/2

[Event "Open SSC Rostock 07 - 2009"]
[Site "Rostock"]
[Date "2009.08.27"]
[Round "1.16"]
[White "Schreiber, Felix"]
[Black "Hamann, Dirk"]
[Result "1/2-1/2"]
[WhiteElo "1528"]
[BlackElo "2048"]
[PlyCount "56"]
[EventDate "2009.08.27"]
[EventType "swiss"]
[EventRounds "7"]
[EventCountry "GER"]
[Source "Th. Schwetlick"]
[SourceDate "2009.08.27"]
[WhiteTeam "SC Mecklenburger Springer"]
[BlackTeam "SF Ostsee Warnemuende"]

1. d4 Nf6 2. Bf4 g6 3. e3 Bg7 4. Nf3 O-O 5. h3 d5 6. Be2 c5 7. c3 Qb6 8. Qb3
Qxb3 9. axb3 cxd4 10. exd4 Nc6 11. O-O Ne4 12. Rd1 h6 13. Nbd2 g5 14. Bh2 Nxd2
15. Rxd2 f5 16. Be5 Nxe5 17. Nxe5 Bf6 18. Re1 Kg7 19. g3 a6 20. f4 b5 21. Ra1
Bb7 22. Nd7 Rfd8 23. Nc5 Rdb8 24. Ne6+ Kf7 25. Nc7 Ra7 26. Nxb5 Raa8 27. Nc7
Ra7 28. Nb5 Raa8 1/2-1/2

[Event "Open SSC Rostock 07 - 2009"]
[Site "Rostock"]
[Date "2009.08.27"]
[Round "1.17"]
[White "Leisner, Hannes"]
[Black "Jaehn, Janis"]
[Result "1-0"]
[WhiteElo "2021"]
[BlackElo "1461"]
[PlyCount "55"]
[EventDate "2009.08.27"]
[EventType "swiss"]
[EventRounds "7"]
[EventCountry "GER"]
[Source "Th. Schwetlick"]
[SourceDate "2009.08.27"]
[WhiteTeam "Greifswalder SV"]
[BlackTeam "SF Schwerin"]

1. e4 c5 2. Nf3 e6 3. Nc3 a6 4. d4 cxd4 5. Nxd4 d6 6. g4 b5 7. Be3 Bb7 8. Bg2
Nf6 9. g5 Nfd7 10. O-O Be7 11. f4 Qc7 12. a4 b4 13. Na2 Nc5 14. Nxb4 Nxe4 15.
Qg4 Nd7 16. f5 Ne5 17. Qh4 Nc5 18. Bxb7 Qxb7 19. c3 Rc8 20. Qh3 Kd7 21. Rad1 a5
22. Nbc2 Qxb2 23. Bf4 Nxa4 24. fxe6+ Kc7 25. Rb1 Qa2 26. exf7 Nxf7 27. Ne6+ Kd7
28. Rb7+ 1-0

[Event "Open SSC Rostock 07 - 2009"]
[Site "Rostock"]
[Date "2009.08.27"]
[Round "1.18"]
[White "Henselin, Frank"]
[Black "Giese, Guido"]
[Result "1-0"]
[WhiteElo "1434"]
[BlackElo "2015"]
[PlyCount "49"]
[EventDate "2009.08.27"]
[EventType "swiss"]
[EventRounds "7"]
[EventCountry "GER"]
[Source "Th. Schwetlick"]
[SourceDate "2009.08.27"]
[WhiteTeam "SAV Torgelow-Droegeheide"]
[BlackTeam "TSG Neuruppin"]

1. e4 c6 2. d4 d5 3. exd5 cxd5 4. Bd3 Nc6 5. c3 Nf6 6. h3 g6 7. Bf4 Bg7 8. Nf3
O-O 9. O-O Nh5 10. Bh2 Bh6 11. Re1 Nf4 12. Ne5 Nxe5 13. Rxe5 Nxd3 14. Qxd3 Qb6
15. b3 Bf5 16. Qe2 Be6 17. Nd2 Rac8 18. c4 Qxd4 19. Rd1 Qb2 20. Rxe6 fxe6 21.
Qxe6+ Kh8 22. Be5+ Qxe5 23. Qxe5+ Bg7 24. Qxe7 Rce8 25. Qxb7 1-0

[Event "Open SSC Rostock 07 - 2009"]
[Site "Rostock"]
[Date "2009.08.27"]
[Round "1.19"]
[White "Wolke, Heiko"]
[Black "Bardosch, Konstantin"]
[Result "1-0"]
[WhiteElo "2012"]
[BlackElo "1350"]
[PlyCount "73"]
[EventDate "2009.08.27"]
[EventType "swiss"]
[EventRounds "7"]
[EventCountry "GER"]
[Source "Th. Schwetlick"]
[SourceDate "2009.08.27"]
[WhiteTeam "SF Ostsee Warnemuende"]
[BlackTeam "SSC Rostock 07"]

1. e4 c5 2. Nf3 d6 3. c3 Nf6 4. e5 Nd5 5. d4 cxd4 6. Bc4 dxe5 7. Nxe5 Qc7 8.
Qxd4 e6 9. Bxd5 Bc5 10. Qa4+ Nd7 11. Nxf7 Kxf7 12. Bf3 Qe5+ 13. Qe4 Qxe4+ 14.
Bxe4 Nf6 15. Bf3 Re8 16. Nd2 e5 17. Ne4 Nxe4 18. Bxe4 Rb8 19. O-O Kg8 20. Re1
Be6 21. b3 Rf8 22. Be3 Bxe3 23. Rxe3 Rfd8 24. Rd3 Rxd3 25. Bxd3 Rd8 26. Rd1 Bf5
27. Bc4+ Kf8 28. Rxd8+ Ke7 29. Rg8 Kf6 30. Rf8+ Kg5 31. h4+ Kg6 32. f3 e4 33.
g4 Bd7 34. Rd8 b5 35. Bd5 e3 36. Rxd7 h6 37. f4 1-0

[Event "Open SSC Rostock 07 - 2009"]
[Site "Rostock"]
[Date "2009.08.27"]
[Round "1.20"]
[White "Losch, Marika"]
[Black "Jeske, Holger"]
[Result "0-1"]
[WhiteElo "1331"]
[BlackElo "1980"]
[PlyCount "66"]
[EventDate "2009.08.27"]
[EventType "swiss"]
[EventRounds "7"]
[EventCountry "GER"]
[Source "Th. Schwetlick"]
[SourceDate "2009.08.27"]
[BlackTeam "SSC Rostock 07"]

1. f4 Nf6 2. b3 d5 3. Bb2 d4 4. e3 dxe3 5. Qf3 exd2+ 6. Nxd2 c6 7. Bd3 Bg4 8.
Qf2 e6 9. h3 Bh5 10. g4 Bg6 11. f5 exf5 12. Bxf5 Bxf5 13. Qxf5 Qd7 14. Qf2 Na6
15. O-O-O Bc5 16. Re1+ Kf8 17. Qf1 Rd8 18. Ndf3 Nb4 19. Kb1 b5 20. Ne2 Ne4 21.
Rd1 Qe7 22. Rxd8+ Qxd8 23. a3 Nxc2 24. Kxc2 Nf2 25. Nfd4 Qf6 26. g5 Qg6+ 27.
Kc1 Nxh1 28. Ne6+ Qxe6 29. Qd1 Qd5 30. Qc2 Nf2 31. Nf4 Be3+ 32. Kb1 Qd1+ 33.
Qxd1 Nxd1 {ZÜ} 0-1

[Event "Open SSC Rostock 07 - 2009"]
[Site "Rostock"]
[Date "2009.08.27"]
[Round "1.21"]
[White "Bigalke, Steffen"]
[Black "Bardosch, Karl Valentin"]
[Result "1-0"]
[WhiteElo "1978"]
[BlackElo "1266"]
[PlyCount "55"]
[EventDate "2009.08.27"]
[EventType "swiss"]
[EventRounds "7"]
[EventCountry "GER"]
[Source "Th. Schwetlick"]
[SourceDate "2009.08.27"]
[WhiteTeam "SAV Torgelow-Droegeheide"]
[BlackTeam "SSC Rostock 07"]

1. f4 d5 2. Nf3 Nc6 3. g3 Nf6 4. Bg2 e6 5. O-O Bd6 6. h3 O-O 7. d3 Nh5 8. Kh2
Qf6 9. Ng1 Bd7 10. e4 Qg6 11. g4 Nxf4 12. Bxf4 Bxf4+ 13. Rxf4 dxe4 14. Bxe4 Qg5
15. Qc1 e5 16. Rf1 Qxc1 17. Rxc1 f5 18. gxf5 Nd4 19. Nc3 Bxf5 20. Bxb7 Rab8 21.
Bd5+ Kh8 22. Bb3 Bg6 23. Rf1 c5 24. Kg2 h6 25. Rxf8+ Rxf8 26. Ne4 Rc8 27. Nf3
Kh7 28. Re1 1-0

[Event "Open SSC Rostock 07 - 2009"]
[Site "Rostock"]
[Date "2009.08.27"]
[Round "1.22"]
[White "Breuel, Steffen"]
[Black "Wolf, Christoph"]
[Result "0-1"]
[WhiteElo "1054"]
[BlackElo "1963"]
[PlyCount "48"]
[EventDate "2009.08.27"]
[EventType "swiss"]
[EventRounds "7"]
[EventCountry "GER"]
[Source "Th. Schwetlick"]
[SourceDate "2009.08.27"]
[WhiteTeam "SSC Rostock 07"]
[BlackTeam "SC Neukloster"]

1. d4 d5 2. Nf3 Nf6 3. e3 e6 4. Bd3 c5 5. c4 cxd4 6. exd4 dxc4 7. Bxc4 Nc6 8.
O-O Bd6 9. Bg5 O-O 10. Nc3 h6 11. Bxf6 Qxf6 12. Re1 a6 13. Ne4 Qd8 14. Nxd6
Qxd6 15. Rc1 b5 16. Bb3 Rd8 17. Re4 Bb7 18. Rh4 Ne7 19. Bc2 Rac8 20. Be4 Bxe4
21. Rxe4 Qd5 22. b3 Rxc1 23. Qxc1 Qxe4 24. Qc7 Qb1+ 0-1

[Event "Open SSC Rostock 07 - 2009"]
[Site "Rostock"]
[Date "2009.08.27"]
[Round "1.23"]
[White "Richter, Ruediger"]
[Black "Goldmund, Heike"]
[Result "1-0"]
[WhiteElo "1846"]
[BlackElo "1027"]
[PlyCount "79"]
[EventDate "2009.08.27"]
[EventType "swiss"]
[EventRounds "7"]
[EventCountry "GER"]
[Source "Th. Schwetlick"]
[SourceDate "2009.08.27"]
[WhiteTeam "SVG Friedrichsort"]
[BlackTeam "SV Wartburgstadt Eisenach"]

1. e4 c6 2. d4 d5 3. exd5 cxd5 4. Bd3 Nc6 5. c3 e6 6. Nf3 Bd6 7. Bg5 Qc7 8. O-O
f6 9. Bh4 Nge7 10. Re1 Bd7 11. Na3 a6 12. Bg3 Bxg3 13. hxg3 h6 14. Nh4 O-O 15.
Qh5 Be8 16. Qe2 e5 17. Nf5 Nxf5 18. Bxf5 Bd7 19. Bxd7 Qxd7 20. dxe5 fxe5 21.
Rad1 Qd6 22. Nc4 Qe6 23. Nxe5 Nxe5 24. Qxe5 Qxe5 25. Rxe5 Rad8 26. Rexd5 Rxd5
27. Rxd5 Re8 28. Kf1 Re6 29. Rd8+ Kh7 30. Rd7 b5 31. f4 Kg6 32. g4 Kf6 33. Kf2
g5 34. f5 Re4 35. Rd6+ Ke5 36. Re6+ Kd5 37. Rxe4 Kxe4 38. f6 Ke5 39. f7 Ke6 40.
f8=Q 1-0

[Event "Open SSC Rostock 07 - 2009"]
[Site "Rostock"]
[Date "2009.08.27"]
[Round "1.24"]
[White "Feilcke, Samuel"]
[Black "Kopischke, Maik"]
[Result "0-1"]
[WhiteElo "846"]
[BlackElo "1899"]
[PlyCount "58"]
[EventDate "2009.08.27"]
[EventType "swiss"]
[EventRounds "7"]
[EventCountry "GER"]
[Source "Th. Schwetlick"]
[SourceDate "2009.08.27"]
[BlackTeam "SC Zugzwang 95"]

1. e4 d6 2. d4 Nf6 3. Nc3 g6 4. Bc4 Bg7 5. Bg5 O-O 6. Nf3 c6 7. h4 b5 8. Bb3 b4
9. e5 bxc3 10. exf6 exf6 11. Bc1 Re8+ 12. Kf1 Ba6+ 13. Kg1 Be2 14. Bxf7+ Kxf7
15. Ne5+ dxe5 16. Qxe2 exd4 17. Qc4+ Qd5 18. Qb4 Re1+ 19. Kh2 Rxh1+ 20. Kxh1
Nd7 21. bxc3 dxc3 22. Ba3 c5 23. Qg4 f5 24. Rd1 fxg4 25. Rxd5 Ke6 26. Rg5 Rf8
27. Bxc5 Nxc5 28. Rxc5 Rxf2 29. Rc7 Rf1+ 0-1

[Event "Open SSC Rostock 07 - 2009"]
[Site "Rostock"]
[Date "2009.08.27"]
[Round "2.1"]
[White "Kugler, Florian"]
[Black "Tomczak, Jacek"]
[Result "0-1"]
[WhiteElo "2042"]
[BlackElo "2447"]
[PlyCount "166"]
[EventDate "2009.08.27"]
[EventType "swiss"]
[EventRounds "7"]
[EventCountry "GER"]
[Source "Th. Schwetlick"]
[SourceDate "2009.08.27"]
[WhiteTeam "SC Neukloster"]
[BlackTeam "SSC Rostock 07"]

1. e4 d5 2. exd5 Nf6 3. d4 Nxd5 4. Nf3 g6 5. Be2 Bg7 6. O-O O-O 7. Re1 Re8 8.
c3 c6 9. Bg5 Qc7 10. Nbd2 Nd7 11. Bc4 Nf8 12. Bh4 b6 13. Bg3 Qb7 14. Ne5 Be6
15. Bb3 Rac8 16. Nf1 Red8 17. Qf3 f6 18. Nd3 Qd7 19. Ne3 Nxe3 20. Bxe6+ Nxe6
21. Qxe3 Kf7 22. Rad1 Re8 23. Qf3 Kg8 24. Qg4 Nc5 25. Qe2 Nxd3 26. Rxd3 Bh6 27.
b3 Rcd8 28. Red1 Kf7 29. f3 Qf5 30. Qe4 Rc8 31. Kf1 c5 32. d5 c4 33. Qxf5 gxf5
34. bxc4 Rxc4 35. Rb1 Rec8 36. Rb3 Ra4 37. a3 Bc1 38. d6 e5 39. Rd1 Rxa3 40.
Rxa3 Bxa3 41. d7 Rd8 42. Ra1 Bb2 43. Rxa7 Bxc3 44. Bf2 Ba5 45. Rb7 Ke7 46. Bxb6
Bxb6 47. Rxb6 Rxd7 48. Rb4 Ke6 49. Ke2 Ra7 50. Rb6+ Kf7 51. Rb4 Ra2+ 52. Kf1
Kg6 53. Rc4 Ra1+ 54. Kf2 Rh1 55. h3 Ra1 56. Rb4 Kg5 57. Rc4 Ra2+ 58. Kf1 h6 59.
Rb4 Rd2 60. Ra4 Rd4 61. Ra5 h5 62. Ke2 h4 63. Ra6 Rb4 64. Ra5 Rb2+ 65. Kf1 Kf4
66. Ra6 Kg3 67. Rxf6 Rf2+ 68. Ke1 Kxg2 69. Rxf5 Rxf3 70. Rxe5 Kxh3 71. Rg5 Rg3
72. Rf5 Kg2 73. Rf2+ Kg1 74. Rf1+ Kh2 75. Rf2+ Rg2 76. Kf1 h3 77. Rf7 Rg1+ 78.
Ke2 Rg5 79. Rf3 Kg2 80. Rf2+ Kg3 81. Rf3+ Kh4 82. Kf2 h2 83. Rf7 h1=Q 0-1